LEADER 01007nam 2200349 450 001 990000483510203316 035 $a0048351 035 $aUSA010048351 035 $a(ALEPH)000048351USA01 035 $a0048351 100 $a20010530d1970----km-y0itay0103----ba 101 $aeng 102 $aUS 105 $a||||||||001yy 200 1 $aPattern recognition$fM. Bongard$gedited by Joseph K. Hawkins$gtraslated by Theodore Cheron 210 $aNew York$cSpartan Books$d1970 215 $aXVII, 253 p.$cfig.$d23 cm 410 $12001 676 $a001.5351 700 1$aBONGARD,$bM.$0545529 702 1$aHAWKINS,$bJoseph K. 702 1$aCHERONE,$bTheodore 801 0$aIT$bsalbc$gISBD 912 $a990000483510203316 951 $a001.535 1 BON$b5077$c001.5351$d00105008 959 $aBK 969 $aSCI 979 $aPATTY$b90$c20010530$lUSA01$h1647 979 $c20020403$lUSA01$h1657 979 $aPATRY$b90$c20040406$lUSA01$h1633 996 $aPattern recognition$9888426 997 $aUNISA LEADER 01714oam 2200421M 450 001 9910716458903321 005 20200213071019.5 035 $a(CKB)5470000002521556 035 $a(OCoLC)1065669692 035 $a(OCoLC)995470000002521556 035 $a(EXLCZ)995470000002521556 100 $a20071213d1927 ua 0 101 0 $aeng 135 $aurcn||||||||| 181 $ctxt$2rdacontent 182 $cc$2rdamedia 183 $acr$2rdacarrier 200 10$aCoinage of 50-cent pieces in commemoration of one hundred and fiftieth anniversary of the Continental Congress at York, Pa. February 24, 1927. -- Referred to the House Calendar and ordered to be printed 210 1$a[Washington, D.C.] :$c[U.S. Government Printing Office],$d1927. 215 $a1 online resource (2 pages) 225 1 $aHouse report / 69th Congress, 2nd session. House ;$vno. 2245 225 1 $a[United States congressional serial set] ;$v[serial no. 8689] 300 $aBatch processed record: Metadata reviewed, not verified. Some fields updated by batch processes. 300 $aFDLP item number not assigned. 606 $aCommemorative coins 608 $aLegislative materials.$2lcgft 615 0$aCommemorative coins. 701 $aPerkins$b Randolph$f1871-1936$pRepublican (NJ)$01389119 801 0$bWYU 801 1$bWYU 801 2$bOCLCO 801 2$bOCLCQ 801 2$bOCLCO 801 2$bOCLCQ 906 $aBOOK 912 $a9910716458903321 996 $aCoinage of 50-cent pieces in commemoration of one hundred and fiftieth anniversary of the Continental Congress at York, Pa. February 24, 1927. -- Referred to the House Calendar and ordered to be printed$93537305 997 $aUNINA